I Can Guess Your US State (Original) - Statistics

General Stats
  • This quiz has been taken 16 times
  • The average score is 1 of 50
Answer Stats
Question Your state is... % Correct
Is your second letter an "A","E", or "L"? California
15%
Is your last letter an "A" or "E"? Florida
15%
North Dakota
15%
Does your name come after "M" alphebetically? Alaska
8%
Is your capital's second letter an "A"? Georgia
8%
Hawaii
8%
Illinois
8%
Kansas
8%
Maryland
8%
Nebraska
8%
Nevada
8%
New Jersey
8%
New York
8%
Oklahoma
8%
Texas
8%
Is your state landlocked? Alabama
0%
Does your capital come after "I" alphebetically? Arizona
0%
Is your state in the Northeast or South? Arkansas
0%
Is your third letter a vowel or "N"? Colorado
0%
Does your capital start with "A-D", "J", or "S-T" Connecticut
0%
Are you in the South or West? Delaware
0%
Idaho
0%
Indiana
0%
Iowa
0%
Kentucky
0%
Louisiana
0%
Maine
0%
Massachusetts
0%
Michigan
0%
Minnesota
0%
Mississippi
0%
Missouri
0%
Montana
0%
New Hampshire
0%
New Mexico
0%
North Carolina
0%
Ohio
0%
Oregon
0%
Pennsylvania
0%
Rhode Island
0%
South Carolina
0%
South Dakota
0%
Tennessee
0%
Utah
0%
Vermont
0%
Virginia
0%
Washington
0%
West Virginia
0%
Wisconsin
0%
Wyoming
0%
No matching quizzes found
Score Distribution
Percent of People with Each Score
Percentile by Number Answered
Your Score History
You have not taken this quiz